The struggle continues : (Record no. 216543)
[ view plain ]
| 000 -LEADER | |
|---|---|
| fixed length control field | 00649nam a22001457a 4500 |
| 005 - DATE AND TIME OF LATEST TRANSACTION | |
| control field | 20260401114649.0 |
| 008 - FIXED-LENGTH DATA ELEMENTS--GENERAL INFORMATION | |
| fixed length control field | 260401b ||||| |||| 00| 0 eng d |
| 040 ## - CATALOGING SOURCE | |
| Original cataloging agency | LC |
| Transcribing agency | UNZA |
| Modifying agency | UNZA |
| Description conventions | RDA |
| 050 ## - LIBRARY OF CONGRESS CALL NUMBER | |
| Classification number | ZAMB BR1359 |
| Item number | STR 1975 |
| 245 ## - TITLE STATEMENT | |
| Title | The struggle continues : |
| Remainder of title | official report, third assembly, All Africa Conference of Churches, Lusaka, Zambia, 12-24 May 1974 / |
| Statement of responsibility, etc. | All Africa Conference of Churches. Assembly. (3rd : 1974 : Lusaka, Zambia) |
| 260 ## - PUBLICATION, DISTRIBUTION, ETC. | |
| Place of publication, distribution, etc. | Nairobi, Kenya: |
| Name of publisher, distributor, etc. | Assembly Secretariat, All Africa Conference of Churches, |
| Date of publication, distribution, etc. | 1975. |
| 300 ## - PHYSICAL DESCRIPTION | |
| Extent | 132 pages: |
| Other physical details | illustrations. |
| 650 ## - SUBJECT ADDED ENTRY--TOPICAL TERM | |
| Topical term or geographic name entry element | Christianity |
| General subdivision | Congresses |
| Geographic subdivision | Africa |
| 999 ## - | |
| -- | 216543 |
| -- | 216543 |
| 942 ## - ADDED ENTRY ELEMENTS (KOHA) | |
| Koha item type | Zambian collection |
| Withdrawn status | Lost status | Source of classification or shelving scheme | Damaged status | Not for loan | Home library | Current library | Shelving location | Date acquired | Total Checkouts | Full call number | Barcode | Date last seen | Copy number | Price effective from | Koha item type |
|---|---|---|---|---|---|---|---|---|---|---|---|---|---|---|---|
| Library of Congress Classification | Main Library | Main Library | Special collections | 04/01/2026 | ZAMB BR1359 STR 1975 | 33729000122627 | 04/01/2026 | C.1 | 04/01/2026 | Zambian collection |